000 00323 a2200157 4500
001 183055
020 _a
040 _cMagnum
100 _aGonçalves, João Luiz
240 1 0 _aRetratos revelados
_lpor
245 1 0 _aRetratos revelados
300 _a93
362 0 _a1996
697 _aLITERATURA GERAL
942 _cBK
999 _c183055
_d183055